000 01180nam a2200325 c 4500
003 BLK
005 20230623121328.0
008 180411b bul|||||r ||||||| ||bul||
010 _aKNG00200752000
020 _a978-619-90421-3-7
_bиздат.: Пощенска кутия за приказки
040 _aBLK
041 _aBUL
_cBUL
072 7 _2bullib
_aН84
_xБългарска художествена литература Н
080 _aБългарска литература
_b821.163.2
_x-31
_z821.163.2-31
100 1 _aКалбуров, Димитър
_eпърви автор
_9345554
139 _aКалбуров, Димитър
_bК 16
245 1 0 _aМамка му
_bРоман
_cДимитър Калбуров.
257 _aBGR
260 София
_bПощенска кутия за приказки
_c2016
300 _a182 с.
_c21 см
380 _aX
653 _aромани
659 _aН
852 _aЦб 284395
856 4 _qpdf
_u
856 4 _qpdf
_u
942 _cKNG
_n0
_023
944 _aCR
_c13.02.2017
_lф /
_kВиолета_Тройчева
944 _aED
_c16.01.2018
_lф /
_kЛюдмила_Стоянова
999 _c191591
_d191591